000 01308nab a2200241 i 4500
001 768714001
003 CO-MdFUSB
005 20251031163745.0
008 240619t1981 us ||||| |||| 00| 0 eng d
040 _bspa
_cCO-MdFUSB
_dCO-MdFUSB
041 _aeng
100 _aParedes, Tito,
_eautor
245 1 _aDifferent views of sociocultural change :
_btowards an awareness of our own socioanthropological presuppositions in mission and church growth studies
_c/ Tito Paredes
520 _a¿Cómo puede el misionólogo formado en América del Norte evaluar con precisión las necesidades actuales de la misión cristiana en América Latina? ¿No se llegará a conclusiones erróneas si no se examinan conscientemente las presuposiciones y sólo se utilizan modelos de análisis apropiados? El antropólogo Paredes nos alerta sobre las complejidades que implica esta tarea.
546 _aTexto en inglés.
650 0 _aMisiones extranjeras
_9934
650 7 _aMisioneros
_9931
650 7 _aCristianismo y cultura
_zAmérica Latina
_96961
650 7 _aAntropología cultural y social
_96714
773 0 _049486
_961138
_d Pasadena
_oR0876
_tMissiology:
_w(CO-MdFUSB)97
_gVolumen 9, (número 2, 1981) páginas: 181 - 192
_qpágina: 181
942 _cANA
945 _aCatherine Arias Álvarez - Practicante SENA
999 _c70284
_d70284